000 00797cab a22002055a 4500
001 L141194
008 071102e20071020xxk f 000 0 eng d
035 _a(Sirsi) u141194
041 0 _aeng
100 1 _aMaxwell, Estelle
245 0 0 _aSetting industry standards
_ba clear idea
260 _c2007
490 _aEstates Gazette
_v(0742) 20 October 2007, 108-110(2)
520 _aSeeking to inform the RICS consultation on the RICS Common Auction Conditions, discusses the issues including: protection for the auctioneer; lot description; arrears; and special conditions of sale. (See also L130536).
590 _aka
650 2 4 _aRICS COMMON AUCTION CONDITIONS FOR AUCTIONS OF REAL ESTATE IN ENGLAND AND WALES
651 4 _aUnited Kingdom
_y
690 _aAuctioneering
_96218
942 _n0
999 _c79426
_d79426